| 000 | 00776nam a2200265Ia 4500 | ||
|---|---|---|---|
| 003 | OSt | ||
| 005 | 20221005092659.0 | ||
| 006 | a|||||r|||| 00| 0 | ||
| 007 | ta | ||
| 008 | 221004b |||||||| |||| 00| 0 eng d | ||
| 020 |
_a0805242120 _c1096.75 |
||
| 024 | _a82903 | ||
| 037 |
_b18704, 30/03/2005, Segment Book Distributors _cTextual |
||
| 040 |
_aCRL _cCRL _beng |
||
| 041 |
_2eng _aeng |
||
| 082 | _aR4, P3 | ||
| 100 | _aArendt Hannah | ||
| 245 | 0 | _aResponsibility and judgment edited by Jerome Kohn | |
| 260 |
_aNew York _bSchocken Books U. S. A. _c2003 |
||
| 300 |
_a295p. _ccm. |
||
| 650 | _a PHILOSOPHY | ||
| 650 | _aETHICS | ||
| 942 |
_hR4, P3 _cTEXL _2cc |
||
| 999 |
_c999191 _d999191 |
||